Random Flag Emojis That Aren't Countries - Statistics

General Stats
  • This quiz has been taken 27 times
  • The average score is 9 of 21
Answer Stats
Emoji Territory % Correct
๐Ÿ‡ฆ๐Ÿ‡ถ Antarctica
100%
๐Ÿ‡จ๐Ÿ‡จ Cocos Islands
100%
๐Ÿด๓ ง๓ ข๓ ฅ๓ ฎ๓ ง๓ ฟ England
100%
๐Ÿ‡ฌ๐Ÿ‡ฑ Greenland
100%
๐Ÿ‡ฎ๐Ÿ‡ฒ Isle of Man
100%
๐Ÿ‡ต๐Ÿ‡ธ Palestine
100%
๐Ÿ‡ต๐Ÿ‡ท Puerto Rico
100%
๐Ÿ‡ช๐Ÿ‡ญ Western Sahara
100%
๐Ÿด๓ ง๓ ข๓ ท๓ ฌ๓ ณ๓ ฟ Wales
83%
๐Ÿ‡ญ๐Ÿ‡ฐ Hong Kong
80%
๐Ÿด๓ ง๓ ข๓ ณ๓ ฃ๓ ด๓ ฟ Scotland
80%
๐Ÿ‡ง๐Ÿ‡ฒ Bermuda
75%
๐Ÿ‡ฎ๐Ÿ‡ด British Indian Ocean Territory
67%
๐Ÿ‡ณ๐Ÿ‡ซ Norfolk Island
67%
๐Ÿ‡ฆ๐Ÿ‡ฝ ร…land Islands
63%
๐Ÿ‡จ๐Ÿ‡ฝ Christmas Island
60%
๐Ÿ‡ฆ๐Ÿ‡ธ American Samoa
50%
๐Ÿ‡จ๐Ÿ‡ผ Curaรงao
50%
๐Ÿ‡ซ๐Ÿ‡ด Faroe Islands
50%
๐Ÿ‡ต๐Ÿ‡ซ French Polynesia
50%
๐Ÿ‡ฌ๐Ÿ‡ฎ Gibraltar
50%
๐Ÿ‡ฏ๐Ÿ‡ช Jersey
50%
๐Ÿ‡ฒ๐Ÿ‡ด Macau
50%
๐Ÿ‡พ๐Ÿ‡น Mayotte
50%
๐Ÿ‡ท๐Ÿ‡ช Rรฉunion
50%
๐Ÿ‡ธ๐Ÿ‡ฝ Sint Maarten
50%
๐Ÿ‡ป๐Ÿ‡ฎ US Virgin Islands
50%
๐Ÿ‡ฎ๐Ÿ‡จ Canary Islands
43%
๐Ÿ‡ง๐Ÿ‡ถ Bonaire
40%
๐Ÿ‡ฌ๐Ÿ‡บ Guam
40%
๐Ÿ‡ฒ๐Ÿ‡ถ Martinique
40%
๐Ÿ‡ฌ๐Ÿ‡ต Guadeloupe
38%
๐Ÿ‡ฆ๐Ÿ‡ผ Aruba
33%
๐Ÿ‡ฐ๐Ÿ‡พ Cayman Islands
33%
๐Ÿ‡น๐Ÿ‡ซ French Southern Territories
33%
๐Ÿ‡ฒ๐Ÿ‡ต North Mariana Islands
33%
๐Ÿ‡ฌ๐Ÿ‡ธ South Georgia and South Sandwich Islands
33%
๐Ÿ‡ฆ๐Ÿ‡ฎ Anguilla
25%
๐Ÿ‡ต๐Ÿ‡ณ Pitcairn Islands
25%
๐Ÿ‡น๐Ÿ‡ฐ Tokelau
20%
๐Ÿ‡ซ๐Ÿ‡ฐ Falkland Islands
17%
๐Ÿ‡ฒ๐Ÿ‡ธ Montserrat
17%
๐Ÿ‡ณ๐Ÿ‡บ Niue
17%
๐Ÿ‡ผ๐Ÿ‡ซ Wallis and Futuna
17%
๐Ÿ‡น๐Ÿ‡จ Turks and Caicos Islands
14%
๐Ÿ‡ป๐Ÿ‡ฌ British Virgin Islands
0%
๐Ÿ‡จ๐Ÿ‡ฐ Cook Islands
0%
๐Ÿ‡ฌ๐Ÿ‡ซ French Guiana
0%
๐Ÿ‡ฌ๐Ÿ‡ฌ Guernsey
0%
๐Ÿ‡ณ๐Ÿ‡จ New Caledonia
0%
๐Ÿ‡ง๐Ÿ‡ฑ St. Barthรฉlemy
0%
๐Ÿ‡ธ๐Ÿ‡ญ St. Helena
0%
๐Ÿ‡ต๐Ÿ‡ฒ St. Pierre and Miquelon
0%
No matching quizzes found
Score Distribution
Percent of People with Each Score
Percentile by Number Answered
Your Score History
You have not taken this quiz